[Event "Titled Tuesday intern op 23rd Jan Late"]
[Site "Chess.com INT"]
[Date "2024.01.23"]
[Round "2"]
[White "Niedbala, Bartlomiej"]
[Black "Deac, Bogdan Daniel"]
[Result "0-1"]
[WhiteElo "2392"]
[BlackElo "2690"]
[PlyCount "106"]
[EventDate "2024.01.23"]
[EventType "swiss (blitz)"]
[EventRounds "11"]
[EventCountry "USA"]
[SourceTitle "CB05_2024"]
[SourceDate "2024.01.31"]
[SourceVersion "1"]
[SourceVersionDate "2024.01.31"]
[SourceQuality "1"]

1. e4 c5 2. Nf3 e6 3. g3 d5 4. d3 dxe4 5. dxe4 Qxd1+ 6. Kxd1 Nf6 7. Nbd2 b6 8. Bb5+ Nfd7 9. a4 a6 10. Bd3 Bb7 11. c3 Nf6 12. Kc2 Nbd7 13. Re1 Be7 14. h3 0-0-0 15. e5 Nd5 16. Ne4 h6 17. h4 Nb8 18. Bf1 Nc6 19. Bd2 Rd7 20. h5 Rhd8 21. Rab1 Na5 22. b4 cxb4 23. cxb4 Rc7+ 24. Kd1 Nxb4 25. Nd6+ Bxd6 26. exd6 Bxf3+ 27. Be2 Bxe2+ 28. Rxe2 Rxd6 29. Rxb4 Nc4 30. Ke1 a5 31. Rb1 Nxd2 32. Rxd2 Rxd2 33. Kxd2 Kb7 34. Kd3 Rc5 35. g4 Kc6 36. f4 e5 37. fxe5 Rxe5 38. Rc1+ Rc5 39. Rf1 Rg5 40. Rf4 f6 41. Kc4 b5+ 42. axb5+ Rxb5 43. Kc3 Rb4 44. Rf5 Kb6 45. Kd3 Rxg4 46. Kc3 Rg5 47. Rf2 Rxh5 48. Re2 Re5 49. Rg2 Rg5 50. Re2 Rg4 51. Re6+ Kc5 52. Re8 a4 53. Re4 Rxe4 0-1

[Event "Titled Tuesday intern op 23rd Jan Late"]
[Site "Chess.com INT"]
[Date "2024.01.23"]
[Round "5"]
[White "Shapiro, Viktor"]
[Black "Niedbala, Bartlomiej"]
[Result "1-0"]
[WhiteElo "2113"]
[BlackElo "2392"]
[PlyCount "75"]
[EventDate "2024.01.23"]
[EventType "swiss (blitz)"]
[EventRounds "11"]
[EventCountry "USA"]
[SourceTitle "CB05_2024"]
[SourceDate "2024.01.31"]
[SourceVersion "1"]
[SourceVersionDate "2024.01.31"]
[SourceQuality "1"]

1. c4 Nf6 2. Nc3 g6 3. Nf3 Bg7 4. d4 d5 5. cxd5 Nxd5 6. Qb3 Nb6 7. Bf4 0-0 8. Rd1 c6 9. e4 a5 10. a4 Na6 11. Be3 Bg4 12. d5 c5 13. Bxa6 bxa6 14. Bxc5 Nd7 15. Ba3 Rb8 16. Qc2 Ne5 17. Qe2 Qc7 18. d6 Qb7 19. dxe7 Rfe8 20. h3 Nxf3+ 21. gxf3 Be6 22. Kf1 Rbc8 23. Kg2 Bf6 24. Nd5 Bxd5 25. Rxd5 Bxe7 26. Bxe7 Rxe7 27. Rxa5 Rc6 28. Rd1 Kg7 29. Rad5 Rb6 30. R1d2 Rb4 31. a5 h5 32. Qe3 Rc7 33. Rc5 Rxc5 34. Qxc5 Rb5 35. Qc3+ Kh7 36. Rd8 Rg5+ 37. Kh2 Qd7 38. Rxd7 1-0

[Event "Titled Tuesday intern op 16th Jan Late"]
[Site "Chess.com INT"]
[Date "2024.01.16"]
[Round "3"]
[White "Melian, Juan Sebastian"]
[Black "Niedbala, Bartlomiej"]
[Result "1-0"]
[WhiteElo "2238"]
[BlackElo "2392"]
[PlyCount "87"]
[EventDate "2024.01.16"]
[EventType "swiss (blitz)"]
[EventRounds "11"]
[EventCountry "USA"]
[SourceTitle "CB04_2024"]
[SourceDate "2023.10.16"]
[SourceVersion "1"]
[SourceVersionDate "2023.10.16"]
[SourceQuality "1"]

1. d4 Nf6 2. c4 g6 3. f3 e6 4. e4 d5 5. Nc3 dxe4 6. fxe4 c5 7. d5 exd5 8. exd5 Bg7 9. Nf3 0-0 10. Be2 Bg4 11. 0-0 Nbd7 12. Bf4 Re8 13. Qd2 Nh5 14. Bg5 Qb6 15. Rae1 a6 16. Bd1 Qd6 17. Ne4 Qb6 18. b3 f5 19. Nf2 Nhf6 20. Bh6 Bh8 21. Ng5 Bxd1 22. Qxd1 Qa5 23. Rxe8+ Rxe8 24. Qc2 Ne5 25. Ne6 Nfg4 26. Bf4 Nxf2 27. Qxf2 Ng4 28. Qd2 Qb6 29. Re1 Nf6 30. Ng5 Qd8 31. Ne6 Qc8 32. Kh1 Ne4 33. Qe3 Qd7 34. Qh3 Bc3 35. Rf1 Bf6 36. Qd3 Bg7 37. Qf3 Bh8 38. g4 b5 39. gxf5 Nf6 40. fxg6 hxg6 41. Rg1 Nh7 42. Rxg6+ Kf7 43. Qh5 Nf6 44. Rg7# 1-0

[Event "Titled Tuesday intern op 09th Jan Early"]
[Site "Chess.com INT"]
[Date "2024.01.09"]
[Round "2"]
[White "Niedbala, Bartlomiej"]
[Black "Aronian, Levon"]
[Result "0-1"]
[WhiteElo "2392"]
[BlackElo "2725"]
[PlyCount "56"]
[EventDate "2024.01.09"]
[EventType "swiss (blitz)"]
[EventRounds "11"]
[EventCountry "USA"]
[SourceTitle "CB03_2024"]
[SourceDate "2024.01.17"]
[SourceVersion "1"]
[SourceVersionDate "2024.01.17"]
[SourceQuality "1"]

1. e4 c5 2. Nf3 e6 3. d4 cxd4 4. Nxd4 Nc6 5. Nc3 Qc7 6. Be3 a6 7. Qf3 Nf6 8. 0-0-0 Ne5 9. Qg3 h5 10. h4 b5 11. Bf4 d6 12. Bxe5 dxe5 13. Bxb5+ axb5 14. Ncxb5 Qc5 15. b4 Qc4 16. Qxe5 Bxb4 17. Nc7+ Kf8 18. Nxa8 Qxa2 19. Nc6 Nd7 20. Rxd7 Ba3+ 21. Kd2 Bxd7 22. Qb8+ Be8 23. Nc7 Kg8 24. Qxe8+ Kh7 25. Qxf7 Rf8 26. Qxh5+ Kg8 27. Ne7+ Bxe7 28. Nxe6 Qxe6 0-1

[Event "POL-ch sf"]
[Site "Karpacz"]
[Date "2023.12.10"]
[Round "7"]
[White "Moranda, Wojciech"]
[Black "Niedbala, Bartlomiej"]
[Result "1-0"]
[WhiteElo "2564"]
[BlackElo "2393"]
[PlyCount "67"]
[EventDate "2023.12.04"]
[EventType "swiss"]
[EventRounds "9"]
[EventCountry "POL"]
[SourceTitle "CB50_2023"]
[SourceDate "2023.12.13"]
[SourceVersion "1"]
[SourceVersionDate "2023.12.13"]
[SourceQuality "1"]

1. d4 d5 2. c4 e6 3. Nc3 Be7 4. Nf3 Nf6 5. e3 0-0 6. b3 c5 7. Bb2 Nc6 8. cxd5 exd5 9. Be2 Ne4 10. 0-0 Bf6 11. Rc1 cxd4 12. Nxe4 dxe4 13. Nxd4 Nxd4 14. Bxd4 Bxd4 15. Qxd4 Qxd4 16. exd4 Rd8 17. Rfd1 Be6 18. Rc7 Rac8 19. Rxb7 Rc2 20. Kf1 Rxa2 21. d5 Bc8 22. Re7 Kf8 23. Rxe4 Bf5 24. Re3 Bc2 25. Re1 Rxd5 26. Bc4 Rd8 27. R3e2 Rc8 28. f3 Rb2 29. Kf2 a5 30. Ba6 Ra8 31. Bb5 g5 32. Rc1 Rb8 33. Bc4 a4 34. Rexc2 1-0

[Event "POL-ch sf"]
[Site "Karpacz"]
[Date "2023.12.05"]
[Round "2"]
[White "Niedbala, Bartlomiej"]
[Black "Terkiewicz, Bruno"]
[Result "1-0"]
[WhiteElo "2393"]
[BlackElo "1839"]
[PlyCount "85"]
[EventDate "2023.12.04"]
[EventType "swiss"]
[EventRounds "9"]
[EventCountry "POL"]
[SourceTitle "CB50_2023"]
[SourceDate "2023.12.13"]
[SourceVersion "1"]
[SourceVersionDate "2023.12.13"]
[SourceQuality "1"]

1. e4 c5 2. Nf3 Nc6 3. d4 cxd4 4. Nxd4 e5 5. Nb5 d6 6. c4 g6 7. Bd3 Be6 8. 0-0 Rc8 9. Be3 a6 10. N5c3 Nf6 11. Nd5 Bxd5 12. cxd5 Nd4 13. Bxd4 exd4 14. Qa4+ Qd7 15. Qxd4 Bg7 16. Nd2 0-0 17. Qb4 Rfe8 18. Nc4 Rc5 19. Rae1 Qc7 20. Nd2 Qe7 21. Nb3 Rcc8 22. Na5 Ng4 23. h3 Ne5 24. Be2 Rc2 25. Kh1 b5 26. f4 Nd7 27. Nc6 Qf8 28. Bf3 Rxb2 29. Qa3 Rc2 30. Qxa6 Bc3 31. Re3 b4 32. Qc4 Rb2 33. Re2 Rxe2 34. Qxe2 Qh6 35. Qe3 Ne5 36. Be2 Ra8 37. Qb6 Nxc6 38. dxc6 Qf8 39. c7 Qc8 40. Bg4 f5 41. exf5 Ra6 42. Qb8 Ra8 43. Qxa8 1-0

[Event "POL-ch U20"]
[Site "Chotowa"]
[Date "2023.10.28"]
[Round "6"]
[White "Niedbala, Bartlomiej"]
[Black "Pancewicz, Szymon"]
[Result "1-0"]
[WhiteElo "2400"]
[BlackElo "1853"]
[PlyCount "59"]
[EventDate "2023.10.24"]
[EventType "swiss"]
[EventRounds "9"]
[EventCountry "POL"]
[SourceTitle "Mega2024 Update 01"]
[Source "Chessbase"]
[SourceDate "2023.11.12"]
[SourceVersion "1"]
[SourceVersionDate "2023.11.12"]
[SourceQuality "1"]

1. Nf3 Nf6 2. g3 e6 3. Bg2 b6 4. Ne5 d5 5. c4 Bb7 6. Qa4+ c6 7. d4 Be7 8. cxd5 exd5 9. Nc3 0-0 10. 0-0 Nfd7 11. Nf3 c5 12. Bf4 c4 13. Rfe1 a6 14. e4 b5 15. Qc2 dxe4 16. Nxe4 Nc6 17. a3 Nf6 18. Rad1 Nxe4 19. Qxe4 Bd6 20. Ng5 g6 21. Ne6 fxe6 22. Qxe6+ Kh8 23. Qxd6 Qxd6 24. Bxd6 Rfe8 25. d5 Na5 26. Bc7 Nb3 27. d6 Rxe1+ 28. Rxe1 Bxg2 29. Kxg2 Nc5 30. Re7 1-0

[Event "Katowice POL-HUN 10th"]
[Site "Katowice"]
[Date "2023.09.09"]
[Round "3"]
[White "Starosta, Martyna"]
[Black "Niedbala, Bartlomiej"]
[Result "1/2-1/2"]
[WhiteElo "2180"]
[BlackElo "2400"]
[PlyCount "187"]
[EventDate "2023.09.09"]
[EventType "swiss (rapid)"]
[EventRounds "9"]
[EventCountry "POL"]
[SourceTitle "EXT 2024"]
[Source "ChessBase"]
[SourceDate "2023.10.10"]
[SourceVersion "1"]
[SourceVersionDate "2023.10.10"]
[SourceQuality "1"]

1. e4 e6 2. d4 d5 3. e5 c5 4. c3 Nc6 5. Bd3 Bd7 6. Nf3 cxd4 7. 0-0 Rc8 8. Re1 Qb6 9. h4 Nge7 10. h5 h6 11. a3 a6 12. Nbd2 dxc3 13. bxc3 Na5 14. Rb1 Qc7 15. c4 dxc4 16. Ne4 Nd5 17. Bc2 Be7 18. Nd4 Kf8 19. Qf3 Qxe5 20. Bb2 Qf4 21. Qxf4 Nxf4 22. Bc3 Nb3 23. Bxb3 cxb3 24. Rxb3 b5 25. g4 e5 26. Nf3 Bxg4 27. Nxe5 Be6 28. Rbb1 Nxh5 29. Bb4 Bxb4 30. axb4 Nf4 31. Nc5 Kg8 32. Nxa6 f6 33. Nf3 Kf7 34. Nc5 Bd5 35. Nd4 Bc4 36. Nf5 Ne2+ 37. Kh2 Rhd8 38. Ra1 Ra8 39. Nd6+ Rxd6 40. Rxa8 Rd5 41. Ra7+ Kg6 42. Ne4 Rh5+ 43. Kg2 Rh4 44. Nd2 Bd5+ 45. f3 Nd4 46. Rg1 Nf5 47. Ne4 Kh5 48. Ng3+ Nxg3 49. Kxg3 g5 50. Rd1 Bc4 51. Rg7 f5 52. Rd6 f4+ 53. Kg2 g4 54. Rgg6 gxf3+ 55. Kxf3 Rh3+ 56. Kxf4 Rh4+ 57. Kg3 Re4 58. Rxh6+ Kg5 59. Kf3 Re1 60. Rhg6+ Kf5 61. Rg7 Rb1 62. Rd4 Rb3+ 63. Kf2 Ke5 64. Rh4 Rxb4 65. Rg5+ Kf6 66. Rc5 Kg6 67. Rd4 Rb2+ 68. Kf3 Kf6 69. Rd6+ Ke7 70. Rb6 Kd7 71. Ke3 Re2+ 72. Kd4 Rd2+ 73. Kc3 Rd3+ 74. Kc2 Rf3 75. Rg5 Kc7 76. Rh6 Rf7 77. Kc3 Re7 78. Kb4 Kb7 79. Ka5 Rf7 80. Rgg6 Kc7 81. Ra6 Kc8 82. Rh8+ Kb7 83. Rhh6 Kc8 84. Rhc6+ Rc7 85. Kb4 Rxc6 86. Rxc6+ Kd7 87. Kc5 Ke7 88. Kd4 Kd7 89. Rh6 Ke7 90. Ke5 Kd7 91. Kd4 Ke7 92. Rc6 Kd7 93. Rxc4 bxc4 94. Kxc4 1/2-1/2

[Event "Opole AZS op 1st"]
[Site "Opole"]
[Date "2023.08.15"]
[Round "3"]
[White "Niedbala, Bartlomiej"]
[Black "Antoniewicz, Jakub"]
[Result "1-0"]
[WhiteElo "2302"]
[BlackElo "1788"]
[PlyCount "62"]
[EventDate "2023.08.15"]
[EventType "swiss (rapid)"]
[EventRounds "9"]
[EventCountry "POL"]
[SourceTitle "EXT 2024"]
[Source "ChessBase"]
[SourceDate "2023.10.10"]
[SourceVersion "1"]
[SourceVersionDate "2023.10.10"]
[SourceQuality "1"]

1. e4 d5 2. exd5 Qxd5 3. Nc3 Qd6 4. d4 c6 5. Nf3 Nf6 6. g3 Bf5 7. Bg2 e6 8. 0-0 Be7 9. Ne5 Nd5 10. Ne4 Bxe4 11. Bxe4 Nd7 12. Nf3 h5 13. c4 N5f6 14. Bc2 Ng4 15. a3 Bf6 16. Bf4 Qe7 17. c5 h4 18. h3 Nh6 19. g4 g5 20. Bd6 Qd8 21. Qe2 Be7 22. Bh2 Ng8 23. b4 Ngf6 24. b5 Nd5 25. bxc6 bxc6 26. Rfe1 Qa5 27. Ne5 Nxe5 28. Bxe5 Rf8 29. Be4 Kd7 30. Rab1 Nc3 31. Qd2 Nb5 1-0

[Event "Piestany op-A"]
[Site "Piestany"]
[Date "2023.07.15"]
[Round "5"]
[White "Aczel, Gergely"]
[Black "Niedbala, Bartlomiej"]
[Result "1-0"]
[WhiteElo "2489"]
[BlackElo "2391"]
[PlyCount "53"]
[EventDate "2023.07.11"]
[EventType "swiss"]
[EventRounds "9"]
[EventCountry "SVK"]
[SourceTitle "EXT 2024"]
[Source "ChessBase"]
[SourceDate "2023.10.10"]
[SourceVersion "1"]
[SourceVersionDate "2023.10.10"]
[SourceQuality "1"]

1. d4 d5 2. c4 c6 3. Nf3 Nf6 4. e3 Bg4 5. Nc3 e6 6. h3 Bh5 7. g4 Bg6 8. Ne5 Nfd7 9. Nxg6 hxg6 10. Bd2 Be7 11. Qf3 dxc4 12. Bxc4 Nb6 13. Bb3 N8d7 14. 0-0-0 a5 15. a3 Rf8 16. Kb1 Nd5 17. e4 Nxc3+ 18. Qxc3 Qb6 19. Be3 a4 20. Ba2 Qa5 21. Qc2 Nb6 22. d5 Qb5 23. dxe6 fxe6 24. Bxe6 Rf6 25. Ba2 Bxa3 26. e5 Rf3 27. Ka1 1-0

[Event "Piestany op-A"]
[Site "Piestany"]
[Date "2023.07.14"]
[Round "4"]
[White "Niedbala, Bartlomiej"]
[Black "Pechac, Jergus"]
[Result "1/2-1/2"]
[WhiteElo "2391"]
[BlackElo "2608"]
[PlyCount "24"]
[EventDate "2023.07.11"]
[EventType "swiss"]
[EventRounds "9"]
[EventCountry "SVK"]
[SourceTitle "EXT 2024"]
[Source "ChessBase"]
[SourceDate "2023.10.10"]
[SourceVersion "1"]
[SourceVersionDate "2023.10.10"]
[SourceQuality "1"]

1. e4 e5 2. Nf3 Nc6 3. Nc3 g6 4. d4 exd4 5. Nxd4 Bg7 6. Be3 d6 7. Qd2 Nf6 8. 0-0-0 0-0 9. f3 d5 10. exd5 Nxd5 11. Nxc6 bxc6 12. Bd4 Nxc3 1/2-1/2